000 00566nam a2200229Ia 4500
003 OSt
005 20240419090649.0
008 210323s9999||||xx |||||||||||||| ||und||
020 _a9788126913169
040 _cSTCPL
041 _aENG
082 _a821.09
_b COL-T
100 _aMacCabe, Colin
245 0 _aT. S. Eliot /
_cby Colin MacCabe
260 _aNew Delhi :
_bAtlantic Publishers and Distributors ,
_c2010 .
300 _a95 p.
_bPB
650 _aEnglish literature
650 _aPoetry
650 _aCriticism
942 _cBK
942 _2ddc
999 _c59040
_d59040